00661nam a2200193Ia 4500008004100000020001500041082001600056100001700072245005100089250000800140260004200148300002600190500001900216600002100235650005000256942000700306952013700313999001700450240925s9999 xx 000 0 und d a8178082578 a005.133 BRA aBratko, Ivan 0aProlog Programming for Artificial Intellignce  a3rd aNoida:bPearson Education Pvt LtdcNA a1348p.bN.AfOriginal aIncludes Index aComputer Science aComputer science, information & general works cBK 001040708CSaUITUbUITUd2016-03-02eAfzal Rauf News Agencyg1403.00l0o005.133 BRApQ10793r2024-09-25 07:15:50w2024-09-25yBK c13292d13292